Spaniens Nachbarstaaten - Statistiken

Allgemein
  • Dieses Quiz wurde 40 mal gespielt
  • Das Durchschnittsergebnis liegt bei 4 aus 5
Antwortstatistiken
Hinweis Nachbarstaaten % Korrekt
Andorra
100%
Portugal
100%
Frankreich
97%
Gibraltar Vereinigtes Königreich
79%
Ceuta und Melilla Marokko
72%
Keine übereinstimmenden Quizze gefunden
Verteilung der Resultate
Anzahl Personen mit jedem Resultat
Perzentil nach korrekt beantworteten Fragen
Ihre Resultats-Entwicklung
Sie haben dieses Quiz noch nicht gespielt